Tlačené farbivom senzibilizované solárne články s modifikovanými elektródami dizertačná práca

Salvato in:
Dettagli Bibliografici
Autore principale: Gemeiner, Pavol
Natura: Libro
Lingua:slovacco
Pubblicazione: Bratislava STU FCHPT 2014
Accesso online:Visualizza in OPAC
Tags: Aggiungi Tag
Nessun Tag, puoi essere il primo ad aggiungerne!!

MARC

LEADER 00000nam a2200000 a 4500
005 20260127133957.0
008 160226 2014 000 0 slo d
035 |a vtls011508414 
039 9 |y 201602261104  |z mschk02 
040 |a STUSCHK1  |b slo  |c STUSCHK1  |e AACR2 
100 1 |a Gemeiner, Pavol 
245 1 |a Tlačené farbivom senzibilizované solárne články s modifikovanými elektródami  |b dizertačná práca  |c Pavol Gemeiner 
260 |a Bratislava  |b STU FCHPT  |c 2014 
300 |a 153 s.  |b il.  |c 24 cm 
500 |a Školiace pracovisko: Odd. polygrafie a aplikovanej fotochémie 
910 |a SCHK95 
999 |c 1339  |d 1339